000 00693nam a2200217 i 4500
001 179364
003 ES-MaACL
005 20250829064418.0
008 111110s1921 po |||| | por d
080 _a929 Francisco Javier, Santo
100 1 _aLucena, Joao de (
_d1550-1602)
_9148506
245 1 0 _aVida do Padre Francisco de Xavier /
_cLucena.
260 _aParis ;
_aLisboa :
_bAillaud & Bertrand,
_c1921.
300 _a2 v. ;
_c19 cm.
490 1 _aAntologia portuguesa
505 8 _aContiene: I: O santo -- II: O descoberto
600 0 4 _aFrancisco Javier
_cSanto.
_952196
830 0 0 _aAntologĂ­a portuguesa
_9191079
852 _aES-MaACL
_jB-11894-95
999 _c179364
_d179364